Copreneurship and its impact on financial characteristics of companies

Komparácia podniku riadeného manželmi a rodinného podniku. Výskum na 130 firmách v r. 2007-2012. Pozorované ukazovatele: ziskovosť, produktivita práce, zadlženosť, likvidita a manažment aktív. Pozitíva a negatíva manželského podniku.

Saved in:
Bibliographic Details
Main Author: Machek, Ondřej
Other Authors: Hnilica, Jiří
Format: Book Chapter
Language:English
Subjects:
Tags: Add Tag
No Tags, Be the first to tag this record!

MARC

LEADER 00000naa a2200000 4500
001 0200740
005 20231208074130.7
041 0 |a eng 
044 |a SK 
245 1 0 |a Copreneurship and its impact on financial characteristics of companies  |c Ondřej Machek, Jiří Hnilica 
520 |a Komparácia podniku riadeného manželmi a rodinného podniku. Výskum na 130 firmách v r. 2007-2012. Pozorované ukazovatele: ziskovosť, produktivita práce, zadlženosť, likvidita a manažment aktív. Pozitíva a negatíva manželského podniku. 
610 2 0 |a manželstvo 
610 2 0 |a podnikanie 
610 2 0 |a výkonnosť podniku 
610 2 0 |a podnik rodinný 
610 2 0 |a analýza finančná 
100 1 |a Machek, Ondřej 
700 1 |a Hnilica, Jiří